| 000 | 00720nam a22001817a 4500 | ||
|---|---|---|---|
| 008 | 100701t xxu||||| |||| 00| 0 eng d | ||
| 082 |
_222 _a210 _bخ ا ن |
||
| 100 |
_915691 _aخان, وحيد الدين |
||
| 245 |
_aخطأ فى التفسير / _cوحيد الدين خان |
||
| 260 |
_a[د.م.]: _b[ دن.], _c[1986] |
||
| 300 |
_a326 ص؛ _c20 سم. |
||
| 500 | _aمترجم من اللغة الأردية | ||
| 650 |
_915692 _aالإسلام |
||
| 650 |
_915693 _aالإسلام - فلسفة |
||
| 650 |
_915696 _aالإسلام - تاريخ |
||
| 942 |
_2ddc _cBB |
||
| 999 |
_c14336 _d14336 |
||